Normal view
MARC view
Entry Meeting Name
001 - CONTROL NUMBER
- control field: 9784
003 - CONTROL NUMBER IDENTIFIER
- control field: OSt
005 - DATE AND TIME OF LATEST TRANSACTION
- control field: 20211105133200.0
008 - FIXED-LENGTH DATA ELEMENTS
- fixed length control field: 211105|| aca||aabn | a|a d
040 ## - CATALOGING SOURCE
- Original cataloging agency: OSt
- Transcribing agency: OSt
111 ## - HEADING--MEETING NAME
- Meeting name or jurisdiction name as entry element: International Symposium on Solar-Terrestrial Physics
- Location of meeting: Portovenere, La Spezia, Italy
- Date of meeting or treaty signing: 1976 Aug 31-Sep 11
670 ## - SOURCE DATA FOUND
- Source citation: Work cat.: (OSt): International Symposium on Solar-Terrestrial Physics Portovenere, La Spezia, Italy 1976 Aug 31-Sep 11, Aspects of Signal processing, 1977